[Event "GRE-chT 48th"]
[Site "Athens"]
[Date "2021.09.11"]
[Round "6.5"]
[White "Katsanis, Vasileios Dimitrios"]
[Black "Aretoulakis, Sotirios Paris"]
[Result "1-0"]
[WhiteElo "1465"]
[BlackElo "1285"]
[PlyCount "95"]
[EventDate "2021.09.07"]
[EventType "team-swiss"]
[EventRounds "7"]
[EventCountry "GRE"]
[SourceTitle "CBM 204 Extra"]
[Source "ChessBase"]
[SourceDate "2021.11.30"]
[SourceVersion "1"]
[SourceVersionDate "2021.11.30"]
[SourceQuality "1"]
[WhiteTeam "Ames Neas Erythreas"]
[BlackTeam "Keefysyas"]
[WhiteTeamCountry "GRE"]
[BlackTeamCountry "GRE"]

1. d4 Nf6 2. c4 g6 3. Nc3 Bg7 4. e4 d6 5. Nf3 0-0 6. Be2 e5 7. d5 a5 8. 0-0 Na6 9. Be3 Re8 10. Nd2 Nc5 11. b3 Bd7 12. a3 b6 13. Qc2 Ng4 14. Bxg4 Bxg4 15. f3 Bd7 16. Rab1 f5 17. b4 axb4 18. axb4 Na4 19. Nxa4 Bxa4 20. Qc3 f4 21. Bf2 Bd7 22. c5 bxc5 23. bxc5 g5 24. cxd6 cxd6 25. Nc4 Bf8 26. Rb6 Rc8 27. Qb4 Qc7 28. Nxd6 Rb8 29. Nxe8 Qxb6 30. Qxb6 Rxb6 31. Bxb6 Bxe8 32. Bc7 Bg7 33. Ra1 Kf7 34. Ra7 Kg6 35. Bd8 Bf8 36. Be7 Bxe7 37. Rxe7 Bf7 38. Rxe5 Kf6 39. Rf5+ Kg6 40. Rxf7 Kxf7 41. e5 h5 42. Kf2 Ke7 43. g3 fxg3+ 44. Kxg3 Kd7 45. h4 gxh4+ 46. Kxh4 Ke7 47. Kxh5 Kf7 48. f4 1-0